| 000 | 00966nam a22001937a 4500 | ||
|---|---|---|---|
| 999 |
_c60269 _d60269 |
||
| 003 | Ge_BSU | ||
| 005 | 20230623111921.0 | ||
| 008 | 230623s1976 ge ||||| |||| 00| 0 geo d | ||
| 041 | _ageo | ||
| 080 | _a669(479.22)(09) კ-46 | ||
| 100 |
_aკვირკველია, გ. _918918 |
||
| 245 |
_aუცხოელი მეცნიერები უძველესი ქართველი ტომების მელითონეობის შესახებ / _cგ. კვირკველია; რედ. ლ. ჯანაშია. |
||
| 264 |
_aთბილისი : _bსაბჭ. საქართველო, _c1976. |
||
| 300 |
_a90 გვ. ; _b 16 სმ. |
||
| 520 | _aრეზ. რუს. ენ. | ||
| 653 | _aქართველების როლი მეტალურგიის ისტორიაში | ||
| 700 |
_aჯანაშია, ლ. _eრედაქტორი _918919 |
||
| 942 |
_2udc _cBK |
||